[Event "IECC M email"]
[Site "IECC email"]
[Date "1998.07.04"]
[Round "?"]
[White "Howie, Andrew"]
[Black "Rumson, Paul"]
[Result "0-1"]
[WhiteElo "972"]
[BlackElo "1245"]
[PlyCount "56"]
[EventDate "1998.??.??"]
[EventType "tourn (corr)"]
[EventRounds "12"]
[SourceTitle "Corr 2008"]
[Source "ChessBase"]
[SourceDate "2008.06.24"]
[SourceVersion "1"]
[SourceVersionDate "2008.06.24"]
[SourceQuality "1"]

1. e4 c5 2. Nf3 d6 3. d4 cxd4 4. Nxd4 Nc6 5. Nc3 e5 6. Nxc6 bxc6 7. Bc4 Nf6 8. 0-0 Be7 9. h3 Bb7 10. Qf3 Qd7 11. Bg5 0-0-0 12. Bxf7 Rdf8 13. Bc4 Nxe4 14. Qxe4 Bxg5 15. Be2 Qe7 16. Qg4+ Kb8 17. Ne4 Bf4 18. Rad1 h5 19. Qg6 Rh6 20. Qxh6 gxh6 21. Bxh5 d5 22. Nc3 Bc8 23. Rfe1 Rg8 24. Ne2 Qg5 25. g4 Qxh5 26. Kh1 Qxh3+ 27. Kg1 Bxg4 28. Rd3 Bf3+ 0-1

[Event "IECC M email"]
[Site "IECC email"]
[Date "1998.06.09"]
[Round "?"]
[White "Francis, Ronald D"]
[Black "Rumson, Paul"]
[Result "0-1"]
[WhiteElo "987"]
[BlackElo "1243"]
[PlyCount "94"]
[EventDate "1998.??.??"]
[EventType "tourn (corr)"]
[EventRounds "12"]
[SourceTitle "Corr 2008"]
[Source "ChessBase"]
[SourceDate "2008.06.24"]
[SourceVersion "1"]
[SourceVersionDate "2008.06.24"]
[SourceQuality "1"]

1. e4 c5 2. Nf3 Nc6 3. d3 e6 4. Ng5 d5 5. Qf3 f6 6. Nh3 Nd4 7. Qd1 Ne7 8. Nc3 Nec6 9. Be3 Bd6 10. exd5 exd5 11. Nxd5 Bxh2 12. Nhf4 Bxf4 13. Nxf4 Bf5 14. c3 Nb5 15. Bxc5 Ne5 16. d4 Nxd4 17. cxd4 Nc6 18. Qe2+ Kd7 19. g4 Re8 20. gxf5 Rxe2+ 21. Bxe2 Qa5+ 22. Kf1 Qd2 23. Rh4 Qxb2 24. Rd1 Rh8 25. Rg4 g6 26. Bc4 b6 27. Nd3 Qc2 28. Bb3 Qc3 29. fxg6 hxg6 30. Ke2 bxc5 31. Nxc5+ Kc8 32. Be6+ Kc7 33. Rd3 Qb2+ 34. Ke3 Rh3+ 35. Rg3 Rh1 36. Rg4 Rf1 37. Rf4 Qc1+ 38. Kf3 Rxf2+ 39. Kxf2 Qxf4+ 40. Kg1 Nxd4 41. Na6+ Kb6 42. Bf7 Qg4+ 43. Kh2 Qe2+ 44. Kh1 Qxd3 45. Kh2 Qe2+ 46. Kg3 Qf3+ 47. Kh2 Ne2 0-1

[Event "IECC M email"]
[Site "IECC email"]
[Date "1998.06.09"]
[Round "?"]
[White "Rumson, Paul"]
[Black "Francis, Ronald D"]
[Result "1-0"]
[WhiteElo "1065"]
[BlackElo "1000"]
[PlyCount "55"]
[EventDate "1998.??.??"]
[EventType "tourn (corr)"]
[EventRounds "12"]
[SourceTitle "Corr 2008"]
[Source "ChessBase"]
[SourceDate "2008.06.24"]
[SourceVersion "1"]
[SourceVersionDate "2008.06.24"]
[SourceQuality "1"]

1. e4 e5 2. Nf3 d6 3. d4 Nf6 4. Nc3 Nc6 5. Bb5 Bd7 6. Be3 Be7 7. d5 Nb8 8. Qd3 a6 9. Bxd7+ Qxd7 10. 0-0-0 0-0 11. Ne2 Qg4 12. Ng3 Bd8 13. h3 Qd7 14. Nf5 Qa4 15. Kb1 Nxe4 16. c4 Nc5 17. Bxc5 dxc5 18. Nxe5 Qb4 19. Qg3 Bf6 20. Nh6+ Kh8 21. Nhxf7+ Rxf7 22. Nxf7+ Kg8 23. Ne5 a5 24. Qg4 Na6 25. Qe6+ Kh8 26. Nf7+ Kg8 27. Nd8+ Kh8 28. Qe8# 1-0

[Event "IECC Trio 532 email"]
[Site "IECC email"]
[Date "1998.05.09"]
[Round "?"]
[White "Cornacchini, Gabriele"]
[Black "Rumson, Paul"]
[Result "1-0"]
[WhiteElo "1448"]
[BlackElo "1251"]
[PlyCount "89"]
[EventDate "1998.??.??"]
[EventType "tourn (corr)"]
[EventRounds "4"]
[SourceTitle "Corr 2008"]
[Source "ChessBase"]
[SourceDate "2008.06.24"]
[SourceVersion "1"]
[SourceVersionDate "2008.06.24"]
[SourceQuality "1"]

1. e4 c5 2. Nf3 d6 3. d4 cxd4 4. Nxd4 Nc6 5. Bb5 Bd7 6. 0-0 a6 7. Bxc6 bxc6 8. f4 Qb6 9. c3 c5 10. Nf3 Nf6 11. e5 dxe5 12. Nxe5 Rd8 13. Re1 Bc6 14. Nd2 e6 15. Nxc6 Qxc6 16. f5 Be7 17. fxe6 fxe6 18. Qe2 0-0 19. Qxe6+ Qxe6 20. Rxe6 Bd6 21. Nc4 Bc7 22. Bg5 Rd5 23. h4 Ng4 24. Rxa6 Bg3 25. Re6 Rdf5 26. Nd2 Rf2 27. Re4 h5 28. a4 Bh2+ 29. Kh1 Bg3 30. Re7 Bxh4 31. Bxh4 Rxd2 32. b4 cxb4 33. cxb4 Rd4 34. a5 Rxb4 35. Kg1 Ra8 36. a6 Rb2 37. a7 Kh7 38. Be1 Rb3 39. Rc1 Re3 40. Rcc7 Rxe7 41. Rxe7 Nf6 42. Bf2 Rc8 43. Bd4 Kh6 44. Be3+ Kg6 45. Rb7 1-0

[Event "IECC Trio 520 email"]
[Site "IECC email"]
[Date "1998.04.25"]
[Round "?"]
[White "Gorissen, Peter"]
[Black "Rumson, Paul"]
[Result "1-0"]
[WhiteElo "1002"]
[BlackElo "1082"]
[PlyCount "71"]
[EventDate "1998.??.??"]
[EventType "tourn (corr)"]
[EventRounds "4"]
[SourceTitle "Corr 2008"]
[Source "ChessBase"]
[SourceDate "2008.06.24"]
[SourceVersion "1"]
[SourceVersionDate "2008.06.24"]
[SourceQuality "1"]

1. c4 Nf6 2. Nf3 g6 3. d4 Bg7 4. Nc3 0-0 5. e4 d6 6. Bg5 e6 7. Bd3 Nbd7 8. 0-0 h6 9. Bh4 c6 10. e5 dxe5 11. dxe5 g5 12. exf6 Bxf6 13. Bg3 Nc5 14. Bb1 Qe7 15. Bd6 Rd8 16. Bxe7 Rxd1 17. Bxf6 Rxf1+ 18. Kxf1 Nd7 19. Be7 b6 20. Be4 Bb7 21. Rd1 Nf8 22. Bxf8 Rxf8 23. Ne5 f5 24. Bxc6 Bxc6 25. Nxc6 a6 26. Rd7 Rf7 27. Rd6 Rf8 28. Rxe6 Kg7 29. Ne5 Rf6 30. Re7+ Kg8 31. Nd5 Rf8 32. Nxb6 f4 33. Nbd7 h5 34. c5 h4 35. Nxf8 Kxf8 36. Ng6+ 1-0

[Event "IECC Trio 520 email"]
[Site "IECC email"]
[Date "1998.04.25"]
[Round "?"]
[White "Rumson, Paul"]
[Black "Gorissen, Peter"]
[Result "0-1"]
[WhiteElo "1213"]
[BlackElo "1042"]
[PlyCount "120"]
[EventDate "1998.??.??"]
[EventType "tourn (corr)"]
[EventRounds "4"]
[SourceTitle "Corr 2008"]
[Source "ChessBase"]
[SourceDate "2008.06.24"]
[SourceVersion "1"]
[SourceVersionDate "2008.06.24"]
[SourceQuality "1"]

1. e4 e5 2. Nf3 Nc6 3. Bb5 Bc5 4. Bxc6 dxc6 5. Nc3 Bg4 6. h3 Bxf3 7. Qxf3 Qe7 8. d3 Rd8 9. Bd2 Nf6 10. 0-0-0 0-0 11. g4 Rfe8 12. Rdg1 Nd7 13. g5 Bd4 14. h4 Qb4 15. h5 Rf8 16. a3 Qb6 17. Be3 Bxe3+ 18. fxe3 Qc5 19. Rf1 b5 20. Ne2 b4 21. a4 b3 22. Nc3 bxc2 23. Kxc2 Qb4 24. h6 g6 25. Rb1 f6 26. Rhd1 fxg5 27. Qg3 Rb8 28. b3 Qe7 29. Rf1 Rxf1 30. Rxf1 Nc5 31. Qg4 Qd6 32. Rd1 Qf6 33. Rb1 Rd8 34. Qe2 Nxd3 35. Rd1 Nb4+ 36. Kb2 Rxd1 37. Nxd1 Kf8 38. Nf2 Ke8 39. Nh3 Qe7 40. Qg4 Qd6 41. Qc8+ Ke7 42. Ka3 Na6+ 43. Kb2 Nc5 44. Nxg5 Qd2+ 45. Kb1 Qd1+ 46. Kb2 Qxb3+ 47. Ka1 Qxa4+ 48. Kb2 Qb3+ 49. Ka1 Qd1+ 50. Kb2 Qd2+ 51. Kb1 Qd3+ 52. Kb2 Qe2+ 53. Kb1 Qf1+ 54. Kb2 Qg2+ 55. Kb1 Qxg5 56. Qxc7+ Nd7 57. Qxa7 Qxh6 58. Qa3+ c5 59. Qc1 Qh4 60. Qc2 Qe1+ 0-1